000
00187 a2200085 4500
020
_a
9783966800280
100
_a
JANA REVEDIN
245
_a
ARCHITECTURE IS EDUCATION :
260
_b
ARCHITANGLE
999
_c
13151
_d
13151